000 00973nam a22001337a 4500
040 _cRUA
082 _aAVM KON 2010 B092 Or.1
100 _aKON SOKUN
245 _aStudy on growth rate of avian broiler by supplementation of snail menat meal and white amaranth in cp feed at animal experiment station of the royal universiy of agriculture, (សិក្សាលើការលូតលាស់របស់មាន់សាច់ AVIAN ដោយបន្ថែម ម្សៅសាច់ខ្យង និងផ្ទីសស្រស់ទៅលើចំណីក្រុមហ៊ុន ស៊ី​ ភី​ នៅក្នុងស្ថានីយ៍ចិញ្ចឹមសត្វ នៃសាកលវិទ្យាល័យភូមិន្ទកសិកម្ម)
260 _aphnom penh
_brua
_c2010
300 _aix, 41p.
_bill.
_c29cm.
856 _uhttps://drive.google.com/file/d/1r0buEtZG_gyphuB6zeyfGZ1tKXFNWiv2/view?usp=sharing
942 _cAVM
999 _c2403
_d2403